Normal view MARC view
  • Ummah (Islam)

Entry Topical Term

Number of records used in: 1

001 - CONTROL NUMBER

  • control field: 86991

003 - CONTROL NUMBER IDENTIFIER

  • control field: NUST

005 - DATE AND TIME OF LATEST TRANSACTION

  • control field: 20211224124041.0

008 - FIXED-LENGTH DATA ELEMENTS

  • fixed length control field: 211224|| aca||aabn | a|a d

040 ## - CATALOGING SOURCE

  • Original cataloging agency: NUST
  • Transcribing agency: NUST

150 ## - HEADING--TOPICAL TERM

  • Topical term or geographic name entry element: Ummah (Islam)

670 ## - SOURCE DATA FOUND

  • Source citation: Work cat.: (NUST)0: Hussain, Iqbal S. (Iqbal Syed) 86989, The decline of the Muslim Ummah /, 2004. ???
© 2023 Central Library, National University of Sciences and Technology. All Rights Reserved.